Qual a sigla? - Statistics

Estatísticas Gerais
  • Esse quiz foi jogado 105 vezes
  • A pontuação média é 7 de 15
Estatísticas das Respostas
Hint Resposta % Correto
RG Registro Geral
94%
SUS Sistema Único de Saúde
82%
ONU Organização das Nações Unidas
78%
CNH Carteira Nacional de Habilitação
68%
IBGE Instituto Brasileiro de Geografia e Estatística
66%
ENEM Exame Nacional do Ensino Médio
64%
OMS Organização Mundial da Saúde
57%
EAD Ensino à Distância
55%
OAB Ordem dos Advogados do Brasil
44%
CPF Cadastro de Pessoas Físicas
24%
IBAMA Instituto Brasileiro do Meio Ambiente e dos Recursos Naturais Renováveis
16%
CEP Código de Endereçamento Postal
14%
CNPJ Cadastro Nacional da Pessoa Jurídica
13%
FGTS Fundo de Garantia do Tempo de Serviço
13%
INSS Instituto Nacional do Seguro Social
9%
Nenhum quiz correspondente encontrado
Distribuição das Pontuações
Porcentagem de Pessoas com Cada Pontuação
Percentil de Números Respondidos
Sua Pontuação Histórica
Você não jogou esse quiz